Načítá se...

Finite dimensional vector spaces

Podrobná bibliografie
Hlavní autor: Halmos, Paul R
Médium: Printed Book
Vydáno: Toronto, D Van Nostrand 1958
Vydání:Ed.2
Edice:The university series in undergraduate mathematics
Témata:
LEADER 006000000a22002050004500
022 |a 01-06-2004 
041 |a English 
082 |a 512.523 J8 
100 |a Halmos, Paul R 
245 |a Finite dimensional vector spaces 
250 |a Ed.2 
260 |a Toronto, D Van Nostrand 
260 |c 1958 
490 |a The university series in undergraduate mathematics 
650 |a Calculus 
650 |a Mathematics 
650 |a Vector spaces 
942 |c BK 
999 |c 142399  |d 142395 
952 |0 0  |1 0  |4 0  |6 512_523000000000000_J8  |7 0  |9 141186  |a SCC  |b SCC  |d 2017-10-11  |l 0  |o 512.523 J8  |p SCC01767  |r 2017-10-11  |w 2017-10-11  |y BK